000 00538nam a2200181Ia 4500
005 20250425162459.0
008 250425s9999 xx 000 0 und d
041 _aspa
082 _a628.16
245 0 _aPREVENCION DE CONFLICTOS Y COOPERACION EN LA GESTION DE LOS RECURSOS HIDRICOS EN AMERICA LATINA- MANUAL
250 _a1A ED.
260 _aEspaƱa
_bPROGRAMA HIDROLOGICO INTERNACIONAL PARA AMERICA LATINA
_c1998
260 _aS.L.
650 _aAMERICA LATINA
650 _aRECURSOS HIDRICOS
942 _c01
010 _a77003
999 _c230129
_d230129